| 000 | 01177cam a2200373 i 4500 | ||
|---|---|---|---|
| 001 | 39500 | ||
| 003 | ARRUPE | ||
| 005 | 20150430020007.0 | ||
| 008 | 810213s1978 ne b 001 0 eng | ||
| 010 | _a 78012989 | ||
| 020 | _a9027709262. | ||
| 020 | _a9027709556 (pbk.) | ||
| 035 | _a(OCoLC)4194445 | ||
| 035 | _a(OCoLC)ocm04194445 | ||
| 035 | _a(CStRLIN)NYCG21663980-B | ||
| 035 | _a(NNC)39500 | ||
| 040 |
_dCStRLIN _cDCL |
||
| 050 | 0 |
_aBD352 _b.L68 |
|
| 082 | _a111 | ||
| 090 |
_aBD352 _b.L68 |
||
| 100 | 1 |
_aLoux, Michael J. _911320 |
|
| 245 | 1 | 0 |
_aSubstance and attribute : _ba study in ontology / _cMichael J. Loux. |
| 260 |
_aDordrecht, Holland ; _aBoston : _bD. Reidel Pub. Co., _cc1978. |
||
| 300 |
_axi, 187 p. ; _c23 cm. |
||
| 490 | 1 |
_aPhilosophical studies series in philosophy ; _vv. 14 |
|
| 504 | _aIncludes bibliographical references and indexes. | ||
| 650 | 0 |
_aAttribute (Philosophy) _911321 |
|
| 650 | 0 |
_aUniversals (Philosophy) _911322 |
|
| 650 | 0 |
_aSubstance (Philosophy) _911323 |
|
| 650 | 0 |
_aOntology. _911324 |
|
| 830 | 0 |
_aPhilosophical studies series in philosophy ; _vv. 14. _911325 |
|
| 942 |
_2lcc _cMONOGRAPH _01 |
||
| 999 |
_c120854 _d120854 |
||